South Eastern Kenya University

Library Online Public Access Catalogue


An introduction to plane geometry : (Record no. 8556)

MARC details
000 -LEADER
fixed length control field 00476cam a2200145 4500
020 ## - ISBN
International Standard Book Number 0828402477
050 00 - LIBRARY OF CONGRESS CALL NUMBER
Classification Number QA455
Item Number .B17 2012
100 1# - MAIN ENTRY--Author
Personal name Boyke, Kimberley.
245 13 - TITLE
Title An introduction to plane geometry :
Remainder of title explorations and explanations /
250 ## - EDITIONSTATEMENT
Edition statement Custom edition for College of Lake County.
260 ## - PUBLICATION, DISTRIBUTION, ETC.(IMPRINT)
Place of publication, distribution, etc Boston, MA [USA] :
Name of publisher, distributor, etc Pearson Learning Solutions,
Date of publication, distribution, etc c2012.
300 ## - PHYSICAL DESCRIPTION
Extent xiv, 562 p. :
650 ## - SUBJECT--TOPIC
General subdivision Geometry -- Plane, -- Study and teaching.
942 ## - ADDED ENTRY ELEMENTS(KOHA)
Source of classification or shelving scheme Library of Congress Classification
Koha item type General circulation
Holdings
Source of classification or shelving scheme Not for loan Location (home branch) Sublocation (holding branch) Shelving location Date accessioned Cost, normal purchase price Full call number Barcode Cost, replacement price Nonpublic note Koha item type Public note
Library of Congress Classification   Main Campus Library Main Campus Library   06/08/2015 3236.00 QA455 .B17 2012 2015/006939 3559.00 Nzk General circulation Nzk
Kitui, Kenya.
+254736116989
library@seku.ac.ke